Loading...
AMINOACIDS AND PROTEIN (THEORY METHODS AND APPLICATIONS)
| Main Author: | |
|---|---|
| Format: | Printed Book |
| Published: |
CHARLES C THOMAS
1951
|
| Subjects: |
| LEADER | 00551nam a2200181 4500 | ||
|---|---|---|---|
| 020 | |c 15 | ||
| 082 | |||
| 100 | |a GREENBERG,DAVID | ||
| 245 | |a AMINOACIDS AND PROTEIN (THEORY METHODS AND APPLICATIONS) |h ENGLISH | ||
| 250 | |||
| 260 | |b CHARLES C THOMAS |c 1951 | ||
| 300 | |a 0 | ||
| 500 | |a | ||
| 590 | |d Dollar 15 | ||
| 650 | |a AMINOACIDS AND PROTEIN (THEORY METHODS AND APPLICATIONS) | ||
| 942 | |c BK | ||
| 999 | |c 119020 |d 119020 | ||
| 952 | |0 3 |1 0 |2 ddc |4 0 |7 0 |9 132485 |a CHE |b CHE |g 15.00 |l 0 |p CHE326 |r 2019-10-15 |w 2019-10-15 |y BK | ||